| 000 | 00359nam a2200121Ia 4500 | ||
|---|---|---|---|
| 003 | GCL | ||
| 008 | 140319s9999 xx 000 0 eng d | ||
| 040 |
_aGCL / _cGCL |
||
| 082 | 0 | 4 |
_a363.2 _bP C |
| 100 | 1 | _aPAPK, JERRY (EDIT.) | |
| 245 | 1 | 0 |
_aCOMBATING COMPUTER CRIME: PREVENTION, DETECTION, INVESTIGATION / _cPAPK, JERRY (EDIT.) |
| 260 |
_a[S.N] : _bMC GRAW - HILL |
||
| 999 |
_c22094 _d22094 |
||